[Event "Lansing (MI Op/3/16)"]
[Site "?"]
[Date "1997.??.??"]
[Round "?"]
[White "Kulbacki, James"]
[Black "Triplett, Thomas"]
[Result "0-1"]
[WhiteElo "2005"]
[BlackElo "1860"]
[PlyCount "154"]
[EventDate "1997.??.??"]

{3/(16)} 1. d4 Nf6 2. c4 g6 3. Nc3 Bg7 4. e4 d6 5. Be2 O-O 6. Bg5 Na6 7. Qd2 c5
8. d5 Qa5 9. f4 e6 10. Nf3 exd5 11. exd5 Re8 12. O-O Ng4 13. h3 Ne3 14. Rfe1
Nf5 15. g4 Nd4 16. Nxd4 Bxd4+ 17. Kg2 Bd7 18. f5 gxf5 19. Bh6 Qd8 20. Bd3 Nb4
21. Bxf5 Bxf5 22. gxf5 Qf6 23. a3 Nc2 24. Qxc2 Qxh6 25. Ne4 Kh8 26. Ng3 Rg8 27.
Re4 Rae8 28. Rae1 Be5 29. R1e3 Qg5 30. Qd3 Qxf5 31. Rg4 Qxd3 32. Rxd3 b6 33. b4
Rxg4 34. hxg4 Bxg3 35. Rxg3 Re4 36. bxc5 bxc5 37. Rc3 Kg7 38. Kf3 Rd4 39. Kg3
Kg6 40. Kh3 Kg5 41. Rb3 Rxc4 42. Rb7 Rc3+ 43. Kg2 Rxa3 44. Rxf7 Kxg4 45. Rxh7
Ra2+ 46. Kf1 Kf3 47. Ke1 Ke4 48. Rh5 c4 49. Kd1 Kd4 50. Rg5 Ra5 51. Rg7 Kc3 52.
Rg3+ Kb4 53. Rg5 Ra2 54. Kc1 a5 55. Rg8 c3 56. Kb1 Rd2 57. Rb8+ Kc4 58. Rc8+
Kd4 59. Rc6 Rb2+ 60. Kc1 Kxd5 61. Rxc3 Rb5 62. Rd3+ Kc6 63. Kc2 d5 64. Kc3 Kc5
65. Rh3 a4 66. Rh8 Rb3+ 67. Kc2 Rg3 68. Ra8 a3 69. Ra5+ Kd4 70. Ra4+ Ke5 71.
Ra8 a2 72. Re8+ Kd4 73. Ra8 Rg2+ 74. Kb3 Kd3 75. Ra7 d4 76. Ra8 Rc2 77. Ra7 Kd2
0-1

[Event "Lansing (MI Op/5/21)"]
[Site "?"]
[Date "1997.??.??"]
[Round "?"]
[White "Kulbacki, James"]
[Black "Thomas, Johnny"]
[Result "1-0"]
[WhiteElo "2005"]
[BlackElo "1895"]
[PlyCount "93"]
[EventDate "1997.??.??"]

{5/(21)} 1. b4 Nf6 2. Bb2 e6 3. b5 d5 4. e3 Bd7 5. Nf3 a6 6. a4 c6 7. Na3 Bd6
8. c4 axb5 9. axb5 O-O 10. Qb3 Qb6 11. d4 dxc4 12. Nxc4 Rxa1+ 13. Bxa1 Qa7 14.
Bc3 Be7 15. b6 Qa8 16. Bd3 Nd5 17. Bb2 Na6 18. O-O Qd8 19. Ra1 Nab4 20. Bf1 Re8
21. Nfe5 f6 22. Nd3 Nxd3 23. Bxd3 f5 24. Ra7 Bc8 25. Ra8 Bf8 26. Ba3 Bxa3 27.
Rxa3 Qg5 28. Bf1 f4 29. e4 Rf8 30. exd5 f3 31. Qe3 Qxd5 32. Ne5 fxg2 33. Bxg2
Qb5 34. Rb3 Qa4 35. Be4 Rd8 36. Qf3 Rf8 37. Bxh7+ Kxh7 38. Qh5+ Kg8 39. Rh3
Qa1+ 40. Kg2 Rxf2+ 41. Kxf2 Qxd4+ 42. Kg3 Qe3+ 43. Nf3 Bd7 44. Qh7+ Kf8 45. Rh4
Qc3 46. Qg6 Kg8 47. Rd4 1-0

[Event "Kalamazoo (MI Am/1/10)"]
[Site "?"]
[Date "1997.??.??"]
[Round "?"]
[White "Kuczek, Kevin"]
[Black "Drysdale, Gilbert"]
[Result "1/2-1/2"]
[WhiteElo "1605"]
[BlackElo "1885"]
[PlyCount "74"]
[EventDate "1997.??.??"]

{1/(10)} 1. e4 d5 2. exd5 Nf6 3. Nf3 Qxd5 4. Nc3 Qa5 5. d4 c6 6. Be2 Bf5 7. Bd2
Nbd7 8. O-O e6 9. Re1 Qc7 10. Ne5 Nxe5 11. dxe5 Nd5 12. Bd3 Bxd3 13. cxd3 Nb4
14. Bc1 Rd8 15. d4 Bc5 16. Be3 O-O 17. a3 Nd5 18. Nxd5 Rxd5 19. b4 Bb6 20. Re2
Rfd8 21. Rd2 Qd7 22. f4 Bxd4 23. Bxd4 Rxd4 24. Rxd4 Qxd4+ 25. Qxd4 Rxd4 26. g3
Kf8 27. Kf1 Rd2 28. h4 h5 29. Ke1 Rg2 30. Rd1 Rg1+ 31. Ke2 Rxd1 32. Kxd1 Ke7
33. Kd2 b6 34. Kc3 Kd7 35. Kd4 Kc7 36. a4 a6 37. Kc4 a5 1/2-1/2

[Event "Kalamazoo (MI Am/1/24)"]
[Site "?"]
[Date "1997.??.??"]
[Round "?"]
[White "Krzyston, Joe"]
[Black "Post, Robert"]
[Result "0-1"]
[WhiteElo "1605"]
[BlackElo "1625"]
[PlyCount "60"]
[EventDate "1997.??.??"]

{1/(24)} 1. e4 g6 2. d4 Bg7 3. Bc4 d6 4. Nf3 Nf6 5. Nc3 O-O 6. O-O Bg4 7. h3
Bxf3 8. Qxf3 Nc6 9. Be3 e5 10. d5 Ne7 11. Bg5 Nd7 12. Qe3 f5 13. f4 h6 14. Bh4
exf4 15. Qf3 g5 16. Bf2 Ne5 17. Qe2 fxe4 18. Nb5 e3 19. Be1 Qd7 20. Nd4 N7g6
21. Bc3 Nh4 22. Bb5 c6 23. dxc6 bxc6 24. Nxc6 Nxc6 25. Bxg7 Kxg7 26. Kh2 Qc7
27. Qc4 Rac8 28. Qc3+ Ne5 29. Qb4 Qxc2 30. Qxd6 Qxg2# 0-1

[Event "Lansing (MOR/1a/18)"]
[Site "?"]
[Date "1997.??.??"]
[Round "?"]
[White "Krzyston, Joe"]
[Black "Mahabir, Jagdesh"]
[Result "0-1"]
[WhiteElo "1605"]
[BlackElo "1605"]
[PlyCount "70"]
[EventDate "1997.??.??"]

1. e4 e5 2. f4 Nc6 3. Nf3 d6 4. d4 Bg4 5. h3 Bxf3 6. gxf3 Nxd4 7. c3 Qh4+ 8.
Kd2 Qf2+ 9. Kd3 Qxf3+ 10. Qxf3 Nxf3 11. fxe5 Nxe5+ 12. Kc2 Nf6 13. Bg2 O-O-O
14. b3 Ng6 15. Bg5 Be7 16. Rf1 h6 17. Be3 Rhf8 18. Bxa7 b6 19. Na3 Ne5 20. Nb5
Kb7 21. Nd4 Kxa7 22. a4 Kb7 23. a5 Ra8 24. Nf5 Bd8 25. Rfc1 Rxa5 26. Rxa5 bxa5
27. Ne3 g6 28. Ra1 c6 29. Rxa5 Bxa5 30. b4 Bb6 31. Nd1 Ra8 32. Nb2 Ra2 33. Kb3
Rxb2+ 34. Kxb2 Nc4+ 35. Kb3 Nd2+ 0-1

[Event "Kalamazoo (MI Am/4/36)"]
[Site "?"]
[Date "1997.??.??"]
[Round "?"]
[White "Kruer, M."]
[Black "Stark, A."]
[Result "1-0"]
[WhiteElo "1605"]
[BlackElo "1605"]
[PlyCount "81"]
[EventDate "1997.??.??"]

{4/(36)} 1. e4 e5 2. Nf3 Nc6 3. Bc4 Nf6 4. Ng5 h6 5. Nxf7 Qe7 6. Nxh8 g5 7. Nc3
Qg7 8. Nf7 Bc5 9. Nd5 Nxd5 10. Bxd5 Ne7 11. Qh5 Qg6 12. Qxg6 Nxg6 13. Nxh6 d6
14. Bf7+ Kf8 15. Bxg6 Kg7 16. Bf5 Kxh6 17. Bxc8 Rxc8 18. d3 Kg6 19. h4 g4 20.
h5+ Kf7 21. f3 g3 22. Ke2 Rh8 23. h6 c6 24. Rh3 d5 25. exd5 cxd5 26. Rxg3 Bf8
27. Rh3 Kg6 28. Be3 d4 29. Bd2 Bxh6 30. Bxh6 Rxh6 31. Rxh6+ Kxh6 32. Rh1+ Kg5
33. c3 dxc3 34. bxc3 b5 35. d4 Kf4 36. dxe5 Kxe5 37. g4 Kf4 38. Ra1 a5 39. a4
b4 40. cxb4 axb4 41. Rb1 1-0

[Event "Kalamazoo (MI Am/2/26)"]
[Site "?"]
[Date "1997.??.??"]
[Round "?"]
[White "Kruer, M."]
[Black "Pecot, Dave"]
[Result "0-1"]
[WhiteElo "1605"]
[BlackElo "1605"]
[PlyCount "44"]
[EventDate "1997.??.??"]

{2/(26)} 1. e4 e5 2. Nf3 f5 3. exf5 e4 4. Ng5 Qxg5 5. Bc4 Qxg2 6. Rf1 Nf6 7. d3
d5 8. Bb5+ c6 9. Ba4 Bxf5 10. d4 Be7 11. Nc3 O-O 12. Bf4 Bh3 13. Qe2 Qg4 14.
Qe3 Bxf1 15. Kxf1 Nh5 16. Be5 Bg5 17. Qe2 Rf3 18. Ke1 e3 19. Nd1 exf2+ 20. Nxf2
Qg1+ 21. Qf1 Re3+ 22. Kd1 Qxf1+ 0-1

[Event "Lansing (MOR/1b/8)"]
[Site "?"]
[Date "1997.??.??"]
[Round "?"]
[White "Krimmel, J."]
[Black "King, Kenny"]
[Result "0-1"]
[WhiteElo "1605"]
[BlackElo "1645"]
[PlyCount "120"]
[EventDate "1997.??.??"]

1. e4 e6 2. d4 d5 3. e5 c5 4. Nf3 Nc6 5. Bb5 a6 6. Bxc6+ bxc6 7. O-O Bd7 8. Be3
Qb6 9. b3 cxd4 10. Qxd4 c5 11. Qf4 Be7 12. c3 Nh6 13. Nbd2 Nf5 14. Rab1 O-O 15.
b4 Nxe3 16. Qxe3 Rab8 17. bxc5 Qxc5 18. Nd4 Rfc8 19. Rfc1 h6 20. N2b3 Qc4 21.
Na5 Qa4 22. Nab3 Qc4 23. Ne2 Bb5 24. Re1 Qd3 25. Qxd3 Bxd3 26. Rbd1 Bxe2 27.
Rxe2 Rxc3 28. Nd4 Rb4 29. g3 Bc5 30. Red2 Rxd4 31. Rxd4 Bxd4 32. Rxd4 Ra3 33.
Rd2 Kh7 34. f4 g5 35. Rf2 Kg6 36. fxg5 hxg5 37. Kg2 Re3 38. Rb2 Rxe5 39. Rb6
Re2+ 40. Kf3 Rxa2 41. h4 gxh4 42. gxh4 Ra4 43. Kg3 a5 44. Rb8 Kg7 45. Rb1 Re4
46. h5 Kh6 47. Rh1 a4 48. Kf3 a3 49. Ra1 Ra4 50. Ke3 Kxh5 51. Kd2 f5 52. Kc2 f4
53. Kb3 Ra6 54. Ka2 f3 55. Rg1 e5 56. Rc1 Ra5 57. Rc3 e4 58. Rc1 f2 59. Rf1 e3
60. Rh1+ Kg4 0-1

[Event "Lansing (MOR/5/39)"]
[Site "?"]
[Date "1997.??.??"]
[Round "?"]
[White "Krimmel, J."]
[Black "Distefano, R."]
[Result "0-1"]
[WhiteElo "1605"]
[BlackElo "1630"]
[PlyCount "98"]
[EventDate "1997.??.??"]

{5/(39)} 1. e4 c5 2. Bc4 Nc6 3. Nf3 d6 4. d3 Nf6 5. h3 a6 6. Nc3 g6 7. Ng5 e6
8. O-O Bg7 9. Bd2 Na5 10. b3 Nxc4 11. bxc4 O-O 12. Nf3 Nd7 13. Rb1 b6 14. a4
Bb7 15. Qc1 f5 16. Ng5 Qe7 17. Re1 fxe4 18. Ncxe4 Bc6 19. a5 bxa5 20. Bxa5 h6
21. Nf3 Rf5 22. Ng3 Rf7 23. Bd2 Kh7 24. Re2 Bxf3 25. gxf3 Ne5 26. Bf4 Nxf3+ 27.
Kg2 Nd4 28. Re4 a5 29. c3 Nc6 30. Qd2 a4 31. Rb2 a3 32. Ra2 Qf6 33. Ne2 g5 34.
Bg3 Ne5 35. Qc2 Qf3+ 36. Kg1 h5 37. Re3 Qf5 38. f4 h4 39. Bh2 gxf4 40. Nxf4
Qg5+ 41. Kf1 Rxf4+ 42. Bxf4 Qxf4+ 43. Kg2 Qxe3 44. d4+ Kh8 45. dxe5 Qg3+ 46.
Kf1 Rf8+ 47. Qf2 Rxf2+ 48. Rxf2 Qxf2+ 49. Kxf2 Bxe5 0-1

[Event "Lansing (MOR/3/44)"]
[Site "?"]
[Date "1997.??.??"]
[Round "?"]
[White "Krimmel, J."]
[Black "Crist, Kevin"]
[Result "1-0"]
[WhiteElo "1605"]
[BlackElo "1605"]
[PlyCount "41"]
[EventDate "1997.??.??"]

{3/(44)} 1. e4 e5 2. Nf3 Nc6 3. Bb5 Nf6 4. d3 Ng4 5. h3 d6 6. hxg4 Bxg4 7. Nc3
d5 8. Ne2 Qd6 9. Bd2 O-O-O 10. Bxc6 Qxc6 11. Nxe5 Qe6 12. Nxg4 Qxg4 13. g3 Be7
14. Bf4 g5 15. Be5 f6 16. Bd4 h5 17. Qd2 h4 18. O-O-O h3 19. Rhf1 Qf3 20. Bxa7
f5 21. Nd4 {[Remainder illegible]} 1-0

[Event "Lansing (MOR/7/41)"]
[Site "?"]
[Date "1997.??.??"]
[Round "?"]
[White "Krimmel, J."]
[Black "Choate, Eric"]
[Result "1-0"]
[WhiteElo "1605"]
[BlackElo "1605"]
[PlyCount "42"]
[EventDate "1997.??.??"]

{7/(41)} 1. e4 e5 2. Nf3 d6 3. Nc3 Be7 4. Bc4 Nf6 5. O-O O-O 6. h3 c6 7. Ng5 b5
8. Nxf7 Rxf7 9. Bxf7+ Kxf7 10. a3 d5 11. Qf3 Bb7 12. exd5 cxd5 13. Nxb5 Qd7 14.
Qb3 a6 15. Nc3 Kf8 16. d3 d4 17. Ne2 Qd5 18. Qxd5 Bxd5 19. Bg5 Nbd7 20. b4 Rc8
21. c3 dxc3 {[Remainder of scoresheet illegible]} 1-0

[Event "Lansing (MOR/2/14)"]
[Site "?"]
[Date "1997.??.??"]
[Round "?"]
[White "Kreger, David"]
[Black "Nixon, Peter"]
[Result "1/2-1/2"]
[WhiteElo "1695"]
[BlackElo "1605"]
[PlyCount "68"]
[EventDate "1997.??.??"]

{2/(14)} 1. d4 d5 2. c4 c6 3. Nf3 Nf6 4. Nc3 Bf5 5. Qb3 b6 6. e3 e6 7. cxd5
exd5 8. Be2 Be7 9. O-O O-O 10. Ne5 Qc7 11. a3 Bd6 12. Nf3 Nbd7 13. h3 Ne4 14.
Bd2 Ndf6 15. Rac1 Nxd2 16. Nxd2 Qd7 17. Bf3 Bxh3 18. e4 dxe4 19. Ndxe4 Nxe4 20.
Bxe4 Be6 21. Qa4 Rac8 22. Rfd1 Rfe8 23. d5 cxd5 24. Qxd7 Bxd7 25. Bxd5 Be6 26.
Bxe6 Rxe6 27. Nb5 Rxc1 28. Rxc1 Kf8 29. Nxa7 Re2 30. b4 Be5 31. Rd1 Rc2 32.
Rd8+ Ke7 33. Nc6+ Ke6 34. Re8+ Kd7 1/2-1/2

[Event "Lansing (MOR/6/2)"]
[Site "?"]
[Date "1997.??.??"]
[Round "?"]
[White "Kreger, David"]
[Black "King, Kenny"]
[Result "0-1"]
[WhiteElo "1695"]
[BlackElo "1645"]
[PlyCount "75"]
[EventDate "1997.??.??"]

{6/(2)} 1. d4 Nf6 2. c4 g6 3. Nc3 Bg7 4. e4 d6 5. f3 O-O 6. Be3 e5 7. d5 c6 8.
Bd3 cxd5 9. cxd5 Na6 10. Nge2 Ne8 11. Bxa6 bxa6 12. Qa4 f5 13. Rc1 Nf6 14. Qc6
Rb8 15. Bxa7 Rxb2 16. O-O Rf7 17. Be3 Rc7 18. Qa4 fxe4 19. fxe4 Ng4 20. Qa3
Rcb7 21. Ba7 Rxe2 22. Nxe2 Rxa7 23. h3 Nf6 24. Rc6 Nxe4 25. Rb1 Rb7 26. Rcc1
Bh6 27. Rd1 Qc7 28. Kh2 Rxb1 29. Rxb1 Nc5 30. Qb4 Bb7 31. Qh4 Bf8 32. Nc3 Qe7
33. Qc4 Qf6 34. Rf1 Qe7 35. Ne4 Nxe4 36. Qxe4 Bh6 37. g3 Qg5 38. Rf2 $138 0-1

[Event "Lansing (MOR/4/6)"]
[Site "?"]
[Date "1997.??.??"]
[Round "?"]
[White "Kreger, David"]
[Black "King, Edwin"]
[Result "1-0"]
[WhiteElo "1695"]
[BlackElo "1635"]
[PlyCount "47"]
[EventDate "1997.??.??"]

{4/(6)} 1. d4 d5 2. c4 c6 3. Nf3 Nf6 4. Nc3 dxc4 5. e4 b5 6. e5 Nd5 7. Ng5 Bf5
8. e6 fxe6 9. g4 Bg6 10. Bg2 h6 11. Nxe6 Qd6 12. Nxd5 Qxe6+ 13. Qe2 Qd7 14. Nf4
Bf7 15. h4 Qxd4 16. Be3 Qf6 17. O-O-O e5 18. g5 Qe7 19. Qg4 Qb7 20. g6 Bg8 21.
Ne6 Nd7 22. Bh3 Nf6 23. Qf5 e4 24. Bf4 1-0

[Event "Kalamazoo (MI Am/1/16)"]
[Site "?"]
[Date "1997.??.??"]
[Round "?"]
[White "Kotman, Stuart"]
[Black "Sanborn, Richard"]
[Result "0-1"]
[WhiteElo "1605"]
[BlackElo "1770"]
[PlyCount "143"]
[EventDate "1997.??.??"]

{1/(16)} 1. d4 d5 2. Nf3 c6 3. e3 Nf6 4. c4 Bg4 5. Be2 e6 6. a3 Bd6 7. O-O O-O
8. Nc3 Nbd7 9. Re1 Bxf3 10. Bxf3 dxc4 11. e4 Be7 12. Bg5 b5 13. e5 Nd5 14. Bxe7
Nxe7 15. Ne4 Nb6 16. Qd2 Nf5 17. Rad1 Nd5 18. b3 cxb3 19. Nc5 Nh4 20. Be4 b2
21. Qxb2 Qg5 22. Rd3 Nf5 23. Bxf5 Qxf5 24. Rf3 Qg5 25. Ne4 Qe7 26. Qc2 b4 27.
Rg3 bxa3 28. Ng5 g6 29. Qc5 Qxc5 30. dxc5 a2 31. Ra3 Nb4 32. Rc1 Rfd8 33. Ne4
Rd4 34. Nc3 Rd2 35. Ra4 a5 36. g3 Rad8 37. Ra1 R8d3 38. Nxa2 Nxa2 39. R4xa2
Rxa2 40. Rxa2 Rd5 41. Rxa5 Rxe5 42. Kg2 Kg7 43. h4 h5 44. Kf3 Kf6 45. Kf4 Rf5+
46. Ke3 Ke5 47. Ra2 Kd5 48. Rc2 e5 49. f3 Rf6 50. Rc3 Re6 51. Rc2 f5 52. f4
exf4+ 53. Kxf4 Re4+ 54. Kg5 Rg4+ 55. Kf6 Rxg3 56. Rd2+ Kxc5 57. Rc2+ Kd6 58.
Rd2+ Kc7 59. Ra2 f4 60. Ra7+ Kb6 61. Ra2 c5 62. Ke5 f3 63. Rf2 c4 64. Kd4 Rg4+
65. Kc3 Rf4 66. Kb4 Kc6 67. Kc3 Kc5 68. Kc2 Kd4 69. Rf1 Ke3 70. Rg1 f2 71. Rg3+
Ke2 72. Rg2 0-1

[Event "Kalamazoo (MI Am/5/21)"]
[Site "?"]
[Date "1997.??.??"]
[Round "?"]
[White "Kotman, Stuart"]
[Black "Ryskamp, John"]
[Result "1/2-1/2"]
[WhiteElo "1605"]
[BlackElo "1605"]
[PlyCount "87"]
[EventDate "1997.??.??"]

{5/(21)} 1. d4 e6 2. Nf3 d5 3. e3 Nf6 4. c4 c5 5. Nc3 Nc6 6. cxd5 Nxd5 7. Nxd5
Qxd5 8. Be2 Bd7 9. O-O Rd8 10. Qc2 cxd4 11. Rd1 Bc5 12. exd4 Bb6 13. a3 Qd6 14.
d5 exd5 15. Bc4 Be6 16. Bg5 f6 17. Bh4 O-O 18. Bd3 h6 19. Re1 Nd4 20. Nxd4 Bxd4
21. Rad1 Be5 22. h3 a6 23. Qe2 Rde8 24. Qh5 Bf7 25. Qf5 g6 26. Qg4 Kg7 27. Re3
Bh2+ 28. Kh1 Rxe3 29. fxe3 Be5 30. Rf1 Qe6 31. Bf5 Qe7 32. Bd3 Bxb2 33. e4 dxe4
34. Bxe4 Kh7 35. Rb1 Qxa3 36. Bxb7 Be5 37. Qd7 g5 38. Bf2 Qd6 39. Be4+ Kg7 40.
Qf5 Rh8 41. Qf3 Rd8 42. Qf5 Rh8 43. Qf3 Rd8 44. Qf5 1/2-1/2

[Event "Kalamazoo (MI Am/3/35)"]
[Site "?"]
[Date "1997.??.??"]
[Round "?"]
[White "Kotman, Stuart"]
[Black "Alexander, M."]
[Result "1-0"]
[WhiteElo "1605"]
[BlackElo "1605"]
[PlyCount "41"]
[EventDate "1997.??.??"]

{3/(35)} 1. d4 Nf6 2. Nf3 Nc6 3. c4 e6 4. a3 a5 5. Nc3 Be7 6. e4 d6 7. Bd3 Bd7
8. O-O Na7 9. e5 dxe5 10. Nxe5 Bc8 11. Bc2 O-O 12. Qd3 g6 13. Bh6 Re8 14. Rad1
Nd7 15. Qg3 Nxe5 16. dxe5 Bd7 17. Rd2 Bf8 18. Qf4 Bxh6 19. Qxh6 Qe7 20. Ne4 Qf8
21. Nf6+ 1-0

[Event "Kalamazoo (MI Am/4/34)"]
[Site "?"]
[Date "1997.??.??"]
[Round "?"]
[White "Kotman, Matthew"]
[Black "Vandenberg, J."]
[Result "1/2-1/2"]
[WhiteElo "1605"]
[BlackElo "1605"]
[PlyCount "115"]
[EventDate "1997.??.??"]

{4/(34)} 1. Nf3 Nc6 2. g3 e5 3. Bg2 Bc5 4. b3 Nf6 5. h3 Nd4 6. Nxd4 Bxd4 7. c3
Bb6 8. Bb2 Nh5 9. e3 Qf6 10. Qxh5 O-O 11. c4 g6 12. Bxe5 Qe7 13. Qe2 Qxe5 14.
Nc3 Ba5 15. f4 Qh8 16. Rc1 Bxc3 17. dxc3 Re8 18. O-O c6 19. Rfd1 Rd8 20. e4 Qg7
21. Qe3 b5 22. c5 a5 23. e5 Qh6 24. h4 Re8 25. Qf2 f5 26. Re1 a4 27. b4 Qg7 28.
e6 dxe6 29. Bxc6 Bb7 30. Bxb7 Qxb7 31. Re5 Kf7 32. Rce1 Re7 33. R1e3 Rd8 34.
Qe2 Red7 35. Qf3 Rd1+ 36. Kf2 R1d2+ 37. Re2 Qc7 38. Rxd2 Rxd2+ 39. Re2 Qd7 40.
Rxd2 Qxd2+ 41. Qe2 Qxc3 42. Qxb5 Qc2+ 43. Kf3 Qxa2 44. Qd7+ Kf8 45. Qd8+ Kf7
46. Qc7+ Kf8 47. Qb8+ Kg7 48. Qe5+ Kf7 49. Qc7+ Kf6 50. Qd8+ Kf7 51. Qc7+ Ke8
52. Qc6+ Kd8 53. Qd6+ Kc8 54. Qa6+ Kd7 55. Qd6+ Kc8 56. Qa6+ Kd7 57. Qd6+ Kc8
58. Qa6+ 1/2-1/2

[Event "Kalamazoo (MI Am/2/24)"]
[Site "?"]
[Date "1997.??.??"]
[Round "?"]
[White "Kotman, Matthew"]
[Black "Kizer, Gerald"]
[Result "1/2-1/2"]
[WhiteElo "1605"]
[BlackElo "1605"]
[PlyCount "98"]
[EventDate "1997.??.??"]

{2/(24)} 1. Nf3 d5 2. g3 b6 3. Bg2 Bb7 4. d4 e6 5. O-O Nf6 6. Bg5 Be7 7. c3
Nbd7 8. Re1 Ne4 9. Bxe7 Qxe7 10. Nbd2 Ndf6 11. Ne5 Nd6 12. b4 Nd7 13. Ndf3 f6
14. Nxd7 Qxd7 15. a4 a5 16. Qc2 O-O 17. Nd2 f5 18. f4 Ne4 19. Bxe4 dxe4 20. e3
Ba6 21. b5 Bb7 22. Nc4 Qe7 23. Ne5 Rac8 24. c4 c5 25. bxc6 Bxc6 26. Reb1 Qc7
27. Rb2 Rb8 28. Rab1 Rfc8 29. h4 Be8 30. Kf2 Bh5 31. Rb5 Qd8 32. Qb2 Be8 33.
Rxb6 Rxb6 34. Qxb6 Qxb6 35. Rxb6 Bxa4 36. Rxe6 Bb3 37. Rc6 Rxc6 38. Nxc6 a4 39.
c5 a3 40. Nb4 a2 41. Nxa2 Bxa2 42. Ke2 Bd5 43. Kd2 Kf7 44. Kc3 Ke7 45. Kb4 Bc6
46. Ka5 Ke6 47. Kb4 Kd5 48. Kc3 Bb5 49. Kb4 Bc6 1/2-1/2

[Event "Kalamazoo (MI Am/5/24)"]
[Site "?"]
[Date "1997.??.??"]
[Round "?"]
[White "Kizer, Gerald"]
[Black "Van Den Abell, Tom"]
[Result "1-0"]
[WhiteElo "1605"]
[BlackElo "1605"]
[PlyCount "59"]
[EventDate "1997.??.??"]

{5/(24)} 1. e4 e6 2. d4 d5 3. e5 c5 4. c3 Qb6 5. Bd3 Nd7 6. Nf3 g6 7. O-O c4 8.
Bc2 Bg7 9. Nbd2 f5 10. b3 Ne7 11. bxc4 Qc6 12. Ba4 b5 13. Bxb5 Qc7 14. Ba3 Qa5
15. Bb4 Qd8 16. Rb1 O-O 17. Bxe7 Qxe7 18. cxd5 exd5 19. Bc6 Ba6 20. Bxd5+ Kh8
21. Bxa8 Bxf1 22. Qxf1 Rxa8 23. Rb7 Qe6 24. Qc4 Qe8 25. Qc7 Rd8 26. Rxa7 Kg8
27. e6 f4 28. exd7 Qe2 29. Qxd8+ Kf7 30. Ng5# 1-0

[Event "Kalamazoo (MI Am/3/29)"]
[Site "?"]
[Date "1997.??.??"]
[Round "?"]
[White "Kizer, Gerald"]
[Black "Helinski, B."]
[Result "0-1"]
[WhiteElo "1605"]
[BlackElo "1605"]
[PlyCount "122"]
[EventDate "1997.??.??"]

{3/(29)} 1. e4 e5 2. f4 Nc6 3. Nf3 d6 4. Bc4 g6 5. d4 exf4 6. Bxf4 Bg7 7. c3
Qe7 8. O-O Be6 9. Bb5 a6 10. Ba4 Nf6 11. d5 Bd7 12. dxc6 bxc6 13. Nbd2 O-O 14.
e5 Nh5 15. exd6 cxd6 16. Re1 Qf6 17. Bg5 Qf5 18. Bc2 Qb5 19. Nb3 Qb6+ 20. Be3
c5 21. Rb1 Qb7 22. Bxc5 dxc5 23. Nxc5 Qc6 24. Qxd7 Qxc5+ 25. Nd4 Rad8 26. Qg4
Bxd4+ 27. cxd4 Rxd4 28. Qh3 Rb4+ 29. Qe3 Qxc2 30. Rbc1 Qa4 31. Qd2 Rbb8 32. b3
Qb5 33. Kh1 Rbe8 34. Rf1 Re2 35. Qd6 Rfe8 36. Qc7 Qd5 37. Qc6 Qxc6 38. Rxc6
R2e6 39. Rc7 R6e7 40. Rc6 Re6 41. Rc7 f5 42. a3 Rf8 43. Rd1 Ref6 44. b4 g5 45.
a4 f4 46. g4 Ng7 47. Rd5 h6 48. Rdd7 R8f7 49. Rd8+ Kh7 50. Rcc8 f3 51. Kg1 Rf4
52. Rh8+ Kg6 53. h3 h5 54. Rc6+ R7f6 55. b5 axb5 56. axb5 Rb4 57. Rxf6+ Kxf6
58. Rh6+ Ke5 59. Rg6 hxg4 60. Rxg7 Kf4 61. Rf7+ Kg3 0-1

[Event "Kalamazoo (MI Am/1/33)"]
[Site "?"]
[Date "1997.??.??"]
[Round "?"]
[White "Kizer, Gerald"]
[Black "Freeman, C."]
[Result "0-1"]
[WhiteElo "1605"]
[BlackElo "1605"]
[PlyCount "110"]
[EventDate "1997.??.??"]

{1/(33)} 1. e4 Nf6 2. e5 Nd5 3. d4 e6 4. c4 Bb4+ 5. Nd2 Nb6 6. a3 Be7 7. g3 d6
8. exd6 cxd6 9. Ngf3 O-O 10. Bg2 Nc6 11. b3 e5 12. d5 Nb8 13. O-O Bf6 14. Bb2
Bg4 15. h3 Bh5 16. Ne4 Na6 17. Rc1 Be7 18. g4 Bg6 19. Nfd2 f5 20. Ng3 f4 21.
Nge4 Qd7 22. Nf3 Bxe4 23. Re1 Bxf3 24. Bxf3 Rac8 25. Qc2 Qe8 26. Re2 Qg6 27.
Be4 Qh6 28. f3 Nc5 29. Rh2 Bh4 30. a4 Nxe4 31. Qxe4 Nd7 32. Ba3 Nf6 33. Qc2
Rcd8 34. c5 dxc5 35. Qxc5 Rc8 36. Qxc8 Rxc8 37. Rxc8+ Kf7 38. Rc7+ Ke8 39. Re7+
Kd8 40. Rxe5 Nd7 41. Re6 g6 42. Bb2 Qf8 43. d6 Nc5 44. Ree2 Nxb3 45. Ba3 Nd4
46. Re7 Nxf3+ 47. Kg2 Nxh2 48. Kxh2 Qf6 49. Rxb7 f3 50. Rb8+ Kd7 51. Rb7+ Kc8
52. Rc7+ Kb8 53. Re7 Qf4+ 54. Kh1 Bxe7 55. dxe7 Qe4 0-1

[Event "Tecumseh (RVO/4/3)"]
[Site "?"]
[Date "1997.??.??"]
[Round "?"]
[White "King, Kenny"]
[Black "Moody, David"]
[Result "1-0"]
[WhiteElo "1645"]
[BlackElo "2020"]
[PlyCount "51"]
[EventDate "1997.??.??"]

{4/(3)} 1. d4 Nf6 2. Nc3 g6 3. e4 d6 4. f4 Bg7 5. Nf3 O-O 6. e5 Nfd7 7. h4 c5
8. e6 fxe6 9. h5 cxd4 10. Nxd4 Nf6 11. hxg6 hxg6 12. g4 e5 13. g5 exd4 14. gxf6
Bxf6 15. Ne4 e5 16. Qf3 d5 17. Nxf6+ Rxf6 18. Qg3 exf4 19. Bxf4 Qe7+ 20. Kd2
Qe4 21. Rh4 Nc6 22. Re1 Qf5 23. Bd3 Qd7 24. Bxg6 Qg7 25. Re8+ Rf8 26. Bh6 1-0

[Event "Lansing (MOR/4/7)"]
[Site "?"]
[Date "1997.??.??"]
[Round "?"]
[White "King, Kenny"]
[Black "Meyer, A."]
[Result "1-0"]
[WhiteElo "1645"]
[BlackElo "1605"]
[PlyCount "35"]
[EventDate "1997.??.??"]

{4/(7)} 1. d4 f5 2. Nf3 Nf6 3. g3 e6 4. Bg2 Nc6 5. O-O Bb4 6. c4 Be7 7. Nc3 O-O
8. Qc2 d6 9. Re1 Kh8 10. e4 fxe4 11. Nxe4 e5 12. dxe5 dxe5 13. Neg5 Nd4 14. Qd1
Ng4 15. Nxe5 Nxf2 16. Qh5 Ne2+ 17. Qxe2 Bxg5 18. Nf7+ 1-0

[Event "Tecumseh (RVO/2/13)"]
[Site "?"]
[Date "1997.??.??"]
[Round "?"]
[White "King, Kenny"]
[Black "Ligon, S."]
[Result "1-0"]
[WhiteElo "1645"]
[BlackElo "1605"]
[PlyCount "51"]
[EventDate "1997.??.??"]

{2/(13)} 1. d4 Nf6 2. Nc3 d5 3. Bg5 e6 4. e4 Be7 5. e5 Nfd7 6. h4 Bxg5 7. hxg5
Qxg5 8. Nh3 Qe7 9. Qg4 O-O 10. Bd3 f5 11. exf6 Qxf6 12. O-O-O Nb6 13. g3 e5 14.
Qh5 Bf5 15. dxe5 Qxe5 16. g4 g6 17. Qg5 h6 18. Qxh6 Bxd3 19. Rxd3 Qg7 20. Qxg7+
Kxg7 21. Nxd5 Nxd5 22. Rxd5 Rh8 23. Rdd1 c5 24. Ng5 Rxh1 25. Rxh1 b6 26. Ne6+
1-0

[Event "Tecumseh (RVO/5/2)"]
[Site "?"]
[Date "1997.??.??"]
[Round "?"]
[White "King, Kenny"]
[Black "Kamber, G."]
[Result "1/2-1/2"]
[WhiteElo "1645"]
[BlackElo "1945"]
[PlyCount "57"]
[EventDate "1997.??.??"]

{5/(2)} 1. d4 Nf6 2. Nc3 d5 3. Bg5 Bf5 4. Bxf6 gxf6 5. e3 e6 6. Nge2 c6 7. Ng3
Bg6 8. h4 h6 9. Bd3 Bxd3 10. Qxd3 Nd7 11. e4 Qc7 12. O-O-O O-O-O 13. Qf3 Kb8
14. Kb1 Rc8 15. Nh5 Be7 16. Rh3 Rhg8 17. Rg3 dxe4 18. Qxe4 f5 19. Qf3 Bxh4 20.
Rxg8 Rxg8 21. Nf4 Bg5 22. Nce2 Bxf4 23. Nxf4 Rg4 24. g3 Nf6 25. Rh1 Ng8 26. Qa3
Qd8 27. Qc5 a6 28. Qe5+ Ka8 29. c4 {[A bit surprising, with Black a clear pawn
up. But his rook is badly placed, his knight is tied down, and there doesn't
seem to be much play in general.]} 1/2-1/2

[Event "Lansing (MOR/7/1)"]
[Site "?"]
[Date "1997.??.??"]
[Round "?"]
[White "King, Kenny"]
[Black "Hill, Brad"]
[Result "1/2-1/2"]
[WhiteElo "1645"]
[BlackElo "1765"]
[PlyCount "46"]
[EventDate "1997.??.??"]

{7/(1)} 1. d4 Nf6 2. Nc3 d5 3. Bg5 Nbd7 4. e3 h6 5. Bxf6 Nxf6 6. Bd3 e6 7. Nge2
c5 8. Ng3 Bd6 9. O-O O-O 10. dxc5 Bxc5 11. e4 dxe4 12. Ncxe4 Be7 13. Qf3 Qa5
14. c3 Rd8 15. Nxf6+ Bxf6 16. Nh5 Qg5 17. Nxf6+ Qxf6 18. Qxf6 gxf6 19. Rad1 Bd7
20. Be4 Bb5 21. Rfe1 Be2 22. Rxd8+ Rxd8 23. Bc2 Rd2 1/2-1/2

[Event "Lansing (MOR/2/16)"]
[Site "?"]
[Date "1997.??.??"]
[Round "?"]
[White "King, Kenny"]
[Black "Charette, B."]
[Result "1-0"]
[WhiteElo "1645"]
[BlackElo "1605"]
[PlyCount "73"]
[EventDate "1997.??.??"]

{2/(16)} 1. d4 Nf6 2. c4 e5 3. dxe5 Ng4 4. Nf3 Nc6 5. Bf4 Bb4+ 6. Nbd2 Qe7 7.
e3 Ngxe5 8. Be2 O-O 9. O-O d6 10. a3 Bxd2 11. Qxd2 Bf5 12. Rfd1 Rfe8 13. Rac1
Bg4 14. Nxe5 Nxe5 15. f3 Bd7 16. e4 Ba4 17. Re1 Ng6 18. Bg5 f6 19. Be3 Nh4 20.
c5 dxc5 21. Qc3 Bc6 22. Bxc5 Qe5 23. Bd4 Qg5 24. g3 Ng6 25. Kf2 Ne7 26. h4 Qg6
27. Bd3 Kh8 28. e5 Qf7 29. exf6 Qxf6 30. Bxf6 Kg8 31. Qe5 Ng6 32. Qg5 Rxe1 33.
Kxe1 Re8+ 34. Kf2 Bd5 35. h5 c6 36. hxg6 hxg6 37. Bxg6 1-0